| 000 | 00705nam a2200217 a 4500 | ||
|---|---|---|---|
| 003 | 0 | ||
| 005 | 20250219111804.0 | ||
| 008 | 110622s19uu xx 00 eng d | ||
| 050 |
_aPHS HQ 536 _b.K49 2011 |
||
| 100 | _aKim, Jung Min. | ||
| 245 |
_aFamily structure and community service / _cKim Jung Min. |
||
| 260 |
_aLas PiƱas City, Philippines : _bSouthville International School and Colleges, _c2011. |
||
| 300 |
_a27 pages : _billustrations ; _c28 cm. |
||
| 504 | _aIncludes bibliographical references. | ||
| 650 | _aFamily structure. | ||
| 650 |
_aFamilies _vSocial aspects. |
||
| 650 | _aSocial participation. | ||
| 650 | _aCommunity service. | ||
| 650 | _aVolunteer work. | ||
| 942 |
_2lcc _cPASS |
||
| 999 |
_c98585 _d98585 |
||